00838 2200205 4500001002100000005001500021035002000036007000300056008004100059020001800100082001100118084001700129100002400146245004800170250001100218260003500229300002100264520033100285990001600616INLIS00000000000012220260520104923 a0010-0526000010ta260520 b 0 ind  a9786020759371 a297.63 a297.63 BUN j0 aBunda Ary Indriyani1 aJanji Allah Terwujud /cBunda Ary Indriyani aCet. I aBandung :bCordoba Kids,cs.a. a21 hlm. :bIlus. aBuku anak Janji Allah Terwujud menceritakan tentang pertolongan dan janji Allah yang terbukti bagi orang-orang yang beriman dan bersabar. Dengan bahasa yang sederhana dan mudah dipahami anak, buku ini mengajarkan nilai keimanan, kesabaran, tawakal, serta keyakinan bahwa Allah selalu menepati janji-Nya kepada hamba yang taat. a00000000141